Balanç i perspectives de la cooperació descentralitzada entre governs locals euromediterranis / [coordinació: Direcció de Serveis de Relacions Internacionals de la Diputació de Barcelona] Direcció de Serveis de Relacions Internacionals de la Diputació de Barcelona]

ISBN: 84-9803-086-2
Publicado: Barcelona : Diputació de Barcelona , 2005
Descripción Física: 80 p. : gràf. ; 30 cm

MARC

LEADER 00000nam a2200000Ia 4500
001 17178
008 160829s2005 xx 000 0 cat d
020 |a 84-9803-086-2 
080 |a M-5-173 
245 |a Balanç i perspectives de la cooperació descentralitzada entre governs locals euromediterranis / [coordinació:  |b  Direcció de Serveis de Relacions Internacionals de la Diputació de Barcelona] 
260 |a Barcelona :  |b Diputació de Barcelona,  |c 2005 
300 |a 80 p. :  |b  gràf. ;  |c 30 cm 
590 |a Bibliografia p. 77-80 
650 |a Comunitat Econòmica Europea, Països de la  |x Relacions   |9 28434 
650 |a Cooperació mediterrània  |9 19735 
651 0 |a Mediterrània, Regió  |9 51010 
710 |a Barcelona (Catalunya : Província).  |b Direcció de Serveis de Relacions Internacionals  |9 53455 
901 |a Arxiu 
942 |n 1 
952 |0 0  |1 0  |4 0  |6 M5173  |7 1  |9 44656  |a Arxiu  |b Arxiu  |d 2016-12-01  |l 0  |o M-5-173  |p 17178  |r 2016-12-01 00:00:00  |w 2016-12-01  |y ARXIU 
999 |c 47237  |d 47237